Conocimiento y libertad

Considerada la primera obra del pensamiento político de Chomsky. A partir de la reunión de una serie de textos sobre el pensador estadounidense Bertrand Russel en la Universidad de Cambridge, el autor desarrolla una lúcida introducción a los aspectos lingüísticos y políticos de su propio pensamiento...

Mô tả đầy đủ

Đã lưu trong:
Chi tiết về thư mục
Tác giả chính: Chomsky, Noam
Định dạng: Sách
Ngôn ngữ:Undetermined
Được phát hành: Barcelona Ariel 1972
Những chủ đề:
Các nhãn: Thêm thẻ
Không có thẻ, Là người đầu tiên thẻ bản ghi này!

MARC

LEADER 00000nam a2200000Ia 4500
008 170316s9999 xx 000 0 und d
040 |a cru BVZT 
090 |a 100 CH-12c 
100 |a Chomsky, Noam  |9 1648 
245 |a Conocimiento y libertad  |c / Noam Chomsky 
260 |a Barcelona  |b Ariel  |c 1972 
300 |a 187 páginas 
520 |a Considerada la primera obra del pensamiento político de Chomsky. A partir de la reunión de una serie de textos sobre el pensador estadounidense Bertrand Russel en la Universidad de Cambridge, el autor desarrolla una lúcida introducción a los aspectos lingüísticos y políticos de su propio pensamiento. A través de su contenido estudia dos cuestiones centrales: la interpretación del mundo y la transformación del mundo 
650 |a FILOSOFÍA  |9 5 
999 |c 15979  |d 15979 
942 |c 15 D  |h 100 CH-12c  |2 z